<?xml version="1.0" encoding="UTF-8"?>
<record
    xmlns:xsi="http://www.w3.org/2001/XMLSchema-instance"
    xsi:schemaLocation="http://www.loc.gov/MARC21/slim http://www.loc.gov/standards/marcxml/schema/MARC21slim.xsd"
    xmlns="http://www.loc.gov/MARC21/slim">

  <leader>00767nam a2200241   4500</leader>
  <controlfield tag="001">32910</controlfield>
  <controlfield tag="003">AR-RoBPED</controlfield>
  <controlfield tag="005">20260626091950.0</controlfield>
  <controlfield tag="008">260625s2025    ag a|||br|||| 00| 1 spa d</controlfield>
  <datafield tag="020" ind1=" " ind2=" ">
    <subfield code="a">9786310109541</subfield>
  </datafield>
  <datafield tag="040" ind1=" " ind2=" ">
    <subfield code="a">AR-RoBPED</subfield>
  </datafield>
  <datafield tag="041" ind1=" " ind2=" ">
    <subfield code="a">spa</subfield>
  </datafield>
  <datafield tag="100" ind1="1" ind2=" ">
    <subfield code="a">Conti, Diana Rosa</subfield>
    <subfield code="9">29795</subfield>
  </datafield>
  <datafield tag="245" ind1="1" ind2=" ">
    <subfield code="a">Quina en busca del sana sana /</subfield>
    <subfield code="c">Diana Conti ; ilustraciones de Leonardo Garc&#xED;a.</subfield>
  </datafield>
  <datafield tag="260" ind1=" " ind2=" ">
    <subfield code="a">Rosario:</subfield>
    <subfield code="b">Diana Rosa Conti,</subfield>
    <subfield code="c">2025.</subfield>
  </datafield>
  <datafield tag="300" ind1=" " ind2=" ">
    <subfield code="a">s. p.</subfield>
    <subfield code="b">ilust.</subfield>
  </datafield>
  <datafield tag="650" ind1=" " ind2="4">
    <subfield code="a">LITERATURA  ARGENTINA</subfield>
    <subfield code="9">15616</subfield>
  </datafield>
  <datafield tag="650" ind1=" " ind2="4">
    <subfield code="a">LITERATURA INFANTIL</subfield>
    <subfield code="9">168</subfield>
  </datafield>
  <datafield tag="655" ind1=" " ind2="7">
    <subfield code="a">Cuento</subfield>
    <subfield code="2">lcgft</subfield>
    <subfield code="9">30943</subfield>
  </datafield>
  <datafield tag="700" ind1="1" ind2=" ">
    <subfield code="a">Garc&#xED;a, Leonardo</subfield>
    <subfield code="9">30198</subfield>
    <subfield code="e">ilust.</subfield>
  </datafield>
  <datafield tag="942" ind1=" " ind2=" ">
    <subfield code="2">udc</subfield>
    <subfield code="a">k. 32910</subfield>
    <subfield code="c">BK</subfield>
    <subfield code="h">860(82)-3</subfield>
    <subfield code="m">C 74 qu</subfield>
    <subfield code="p">inv. 42557</subfield>
    <subfield code="k">I</subfield>
  </datafield>
  <datafield tag="952" ind1=" " ind2=" ">
    <subfield code="0">0</subfield>
    <subfield code="1">0</subfield>
    <subfield code="2">udc</subfield>
    <subfield code="4">0</subfield>
    <subfield code="7">0</subfield>
    <subfield code="a">BPED</subfield>
    <subfield code="b">BPED</subfield>
    <subfield code="d">2026-06-25</subfield>
    <subfield code="e">Donaci&#xF3;n</subfield>
    <subfield code="l">0</subfield>
    <subfield code="o">I 860(82)-3 C 74qu</subfield>
    <subfield code="p">42557</subfield>
    <subfield code="r">2026-06-25 17:04:21</subfield>
    <subfield code="w">2026-06-25</subfield>
    <subfield code="x">mm 25/06/2026</subfield>
    <subfield code="y">BK</subfield>
    <subfield code="z">Se presta 15 dias.</subfield>
  </datafield>
  <datafield tag="999" ind1=" " ind2=" ">
    <subfield code="c">32910</subfield>
    <subfield code="d">32910</subfield>
  </datafield>
</record>
